Statistics for NPL Victoria Teams

Click here to take the quiz!

General Stats

  • This quiz has been taken 15 times
  • The average score is 22 of 38

Answer Stats

HintAnswer% Correct
-Brunswick City
86%
-Altona Magic
71%
-Avondale FC
71%
-Bentleigh Greens
71%
-Brunswick Juventus
71%
-Dandenong Thunder
71%
-Green Gully
71%
-Heidelberg United
71%
-Melbourne City (NPL)
71%
-Melbourne Knights
71%
-Melbourne Victory (NPL)
71%
-Moreland City
71%
-Northcote City
71%
-North Geelong Warriors
71%
-Oakleigh Cannons
71%
-Port Melbourne
71%
-South Melbourne
71%
-Western United (NPL)
71%
-Dandenong City
57%
-Geelong SC
57%
-Goulburn Valley Suns
57%
-Hume City
57%
-Pascoe Vale
57%
-Preston Lions
57%
-St Albans Saints
57%
-Werribee City
57%
-Ballarat City
43%
-Box Hill United
43%
-Eastern Lions
43%
-Manningham United
43%
-Nunawading City
43%
-Bulleen Lions
29%
-Doveton SC
29%
-Kingston City
29%
-Langwarrin SC
29%
-North Sunshine Eagles
29%
-Whittlesea Rangers
29%
-Springvale White Eagles
14%

Score Distribution

Percentile by Number Answered

Percent of People with Each Score

Your Score History

You have not taken this quiz